000 00542nam a2200217Ia 4500
005 20241129115706.0
008 241129s9999||||xx |||||||||||||| ||und||
020 _a9788124600260
037 _aTB
040 _aSDCL
_beng
_cSDCL
041 _aeng
_2eng
084 _aR:(P) Q8
_qSDCL
100 _aJain Krishna
_954097
245 0 _aDescription on philosophy
260 _aDelhi
_bDK Printworld
_c2018
300 _a171p
365 _aINR
_b600
650 _aPhilosophy
942 _cTB
_hR:(P) Q8
999 _c1231586
_d1231586